Hurhur - "Lakupatukka" - sanat - Statistics

Yleistilastot
  • Tätä visaa on pelattu 58 kertaa
  • Keskiarvotulos 98 / 173
Vastaustilastot
Vastaus % Oikein
Lakupatukka
100%
lakupatukka
100%
se
98%
maistuu
94%
sen
94%
ku
91%
alta
89%
jos
89%
perseen
89%
ottaa
85%
paremmalta
85%
kun
81%
on
81%
istuu
70%
päälle
70%
kaivaa
68%
veltosti
66%
pehmenee
64%
mukava
62%
mukkaan
62%
onhan
62%
onnhan
62%
helposti
60%
jotai
60%
aina
58%
syvältä
58%
mukana
57%
pehmeetä
57%
voi
57%
tarpeeksi
53%
lakupatukalla
51%
hyvältä
47%
hampaat
43%
pestä
43%
tikkaat
43%
muassa
42%
muun
42%
tosi
42%
rakentaa
40%
laatan
28%
paikantaa
28%
paikkaa
28%
kaataa
26%
lottoo
26%
maksaa
26%
nii
26%
koittaa
25%
kottoo
25%
lunnaat
25%
taittaa
25%
gaalaa
23%
juontaa
23%
kynän
23%
laattaa
23%
ottanu
23%
tukkii
23%
vaippaa
23%
ei
21%
just
21%
lukkoo
21%
pakastaa
21%
rakastaa
21%
vaikka
21%
voittaa
21%
kantaa
19%
laittaa
19%
lakupatukkaa
19%
mut
19%
raastaa
19%
täytyy
19%
hampaan
17%
myös
17%
paahtaa
17%
tarvi
17%
tukkoon
17%
oot
15%
haukkaa
13%
jamppaa
13%
karjaa
13%
paljon
13%
saa
13%
jaksaa
11%
vaihtaan
11%
hoitaa
9%
kuppiin
9%
nappii
8%
kaippa
6%
Ehtoja vastaavia visoja ei löytynyt
Tulosjakauma
Jokaisen tuloksen saaneiden osuus
Persentiili vastausten määrän mukaan
Tuloshistoriasi
Et ole pelannut tätä visaa